| 000 | 00867nam a22002897a 4500 | ||
|---|---|---|---|
| 001 | BR2016004442 | ||
| 003 | BR-BrBNA | ||
| 005 | 20230928105004.0 | ||
| 007 | ta | ||
| 008 | 230509b bl.||||| |||| 00| 0 por d | ||
| 040 |
_aBR-BrBNA _bpor _cBiblioteca Nacional de Agricultura |
||
| 041 | _a(Por) | ||
| 072 | _aP01 | ||
| 090 | _ P01 BR2016004442 | ||
| 110 | 1 |
_aMinistério do Meio Ambiente, Brasília, DF (Brasil). Serviço Florestal Brasileiro _97570 |
|
| 245 | 1 | _aFlorestas do Brasil 2010 em resumo; Dados de 2005-2010 | |
| 260 | 3 |
_aBrasília, DF (Brasil): _c2010. |
|
| 300 | _a152 p. | ||
| 500 | _aBibliography p. 141-152; Summary (Por); 60 illus.; 20 graphs.; 41 tables | ||
| 650 | _aFLORESTA | ||
| 650 | _aGESTÃO | ||
| 650 | _aSETOR FLORESTAL | ||
| 650 | _aENSINO | ||
| 650 | _aPESQUISA | ||
| 909 |
_a202309 _bLucia _c55 _dLucia Elande |
||
| 942 | _cBK | ||
| 999 |
_c82802 _d82802 |
||